000 00829nam a2200277 i 4500
001 000014198
003 DO-SdBNP
005 20260127122444.0
007 ta
008 270126s2024 dr 000 0 spa d
020 _a9789945290264
040 _aDO-SdBNP
_bspa
_cBNPHU
_erda
041 _aspa
082 4 _axxx
_bP778c
_222
100 1 _aPolonia Tavarez, Lucía
_eautor
_988901
245 1 0 _aCumpleaños de Liam el manatí /
_cLucía Polonia Tavarez ; ilustración de Daniel López
264 1 _aSanto Domingo :
_bOkyanus Media Group,
_c2024
300 _a15 páginas ;
_c15 cm.
336 _atexto
_btxt
_2rdacontent
337 _asin mediación
_bn
_2rdamedia
338 _avolumen
_bnc
_2rdacarrier
590 _aInventariado,2025/DG
700 _aLópez, Daniel
_eilustrador
_988905
910 _aDG
942 _2ddc
_cLF2
999 _c60137
_d60137